Vietnam no era una fiesta / (Record no. 99843)

MARC details
000 -LEADER
campo de control de longitud fija 00417nam a2200145 i 4500
001 - NÚMERO DE CONTROL
campo de control 99843
003 - IDENTIFICADOR DE NÚMERO DE CONTROL
campo de control ES-MaACL
007 - CAMPO FIJO DE DESCRIPCIÓN FÍSICA--INFORMACIÓN GENERAL
campo de control de longitud fija t|
008 - DATOS DE LONGITUD FIJA--INFORMACIÓN GENERAL
campo de control de longitud fija 050919s1975 sp ||||1| spa d
100 1# - ENTRADA PRINCIPAL--NOMBRE DE PERSONA
Nombre de persona Martínez Garrido, Alfonso.
9 (RLIN) 78114
245 10 - MENCIÓN DEL TÍTULO
Título Vietnam no era una fiesta /
Mención de responsabilidad, etc. Alfonso Martínez Garrido.
260 ## - PUBLICACIÓN, DISTRIBUCIÓN, ETC.
Lugar de publicación, distribución, etc. Madrid :
Nombre del editor, distribuidor, etc. Mirasierra,
Fecha de publicación, distribución, etc. 1975.
300 ## - DESCRIPCIÓN FÍSICA
Extensión 93 p. :
Otras características físicas il. ;
Dimensiones 24 cm.
852 ## - LOCALIZACIÓN
Ubicación ES-MaACL
Número de control de estantería E-7815
Sublocalización o colección R.92315
Holdings
Estatus retirado Estado de pérdida Estado de daño No para préstamo Biblioteca de origen Biblioteca actual Ubicación en estantería Fecha de adquisición Fuente de adquisición Total de préstamos Signatura topográfica completa Código de barras Visto por última vez Precio de reemplazo Tipo de ítem Koha
        Biblioteca del Ateneo de Madrid Biblioteca del Ateneo de Madrid Depósito 2 17/01/2008     E-7815 1104251 23/02/2023 23/02/2023 Libro impreso